A vállalati kultúra hatása a munkahelyi elkötelezettségre

Bibliográfiai részletek
Szerző: Máté Dorottya
További közreműködők: Pirisi Károly
Dokumentumtípus: Diplomadolgozat
Kulcsszavak:Kultúra
Munkahelyi elkötelezettség
Vállalati kultúra
Szervezeti kultúra
Online Access:http://dolgozattar.uni-bge.hu/20544

MARC

LEADER 00000nta a2200000 i 4500
001 dolg20544
005 20200506123327.0
008 190506suuuu hu om 000 hun d
040 |a BGE Dolgozattár Repozitórium  |b hun 
041 |a hu 
100 1 |a Máté Dorottya 
245 1 2 |a A vállalati kultúra hatása a munkahelyi elkötelezettségre  |c Máté Dorottya  |h [elektronikus dokumentum] 
695 |a Kultúra 
695 |a Munkahelyi elkötelezettség 
695 |a Vállalati kultúra 
695 |a Szervezeti kultúra 
700 1 |a Pirisi Károly  |e ths 
856 4 0 |u http://dolgozattar.uni-bge.hu/20544/1/Ma%CC%81te%CC%81-Dorottya_Szakdolgozat.pdf  |z Dokumentum-elérés